000 00618nam a2200193 a 4500
005 20210223125415.0
008 040804s1968 mx r 000 0 spa d
035 _aUPN01000134111
049 _aCG
050 4 _aKF4750
_bK4.4
100 1 _aKelly, Frank K.
245 1 3 _aLa libertad y sus garantías /
_cFrank K. Kelly ; tr. Jorge Colapinto.
260 _aBuenos Aires :
_bFabril,
_cc1968.
300 _a169 p. :
_bil.
440 4 _aLos libros del mirasol
534 _pTítulo original:
_tYour freedoms : the bill of rights
610 1 4 _aESTADOS UNIDOS.
_tCONSTITUCION -
_xREFORMAS 1a.-10a.
_99067
905 _aLibro
999 _c106262
_d106262